Nature's cornucopia : (Record no. 14545)

000 -LEADER
fixed length control field 00531cam a22001817a 4500
020 ## - INTERNATIONAL STANDARD BOOK NUMBER
ISBN 1878071505
040 ## - CATALOGING SOURCE
Transcribing agency *DOE*
082 00 - DEWEY DECIMAL CLASSIFICATION NUMBER
Classification number 333 WOR 1999 A068 Or.
100 1# - MAIN ENTRY--AUTHOR NAME
Personal name Tuxill, John D.
245 10 - TITLE STATEMENT
Title Nature's cornucopia :
Remainder of title our stake in plant diversity /
260 ## - PUBLICATION, DISTRIBUTION, ETC. (IMPRINT)
Place of publication Washington, DC :
Name of publisher Worldwatch Institute,
Year of publication c1999.
300 ## - PHYSICAL DESCRIPTION
Number of Pages 85 p. :
Other physical details ill., map ;
Dimensions 22 cm.
500 ## - GENERAL NOTE
General note "September 1999."
650 #0 - SUBJECT ADDED ENTRY--TOPICAL TERM
Topical Term Plant diversity conservation.
650 #0 - SUBJECT ADDED ENTRY--TOPICAL TERM
Topical Term Plant conservation.
650 #0 - SUBJECT ADDED ENTRY--TOPICAL TERM
Topical Term Biodiversity conservation.
942 ## - ADDED ENTRY ELEMENTS (KOHA)
Koha item type សៀវភៅភាសាអង់គ្លេស
952 ## - LOCATION AND ITEM INFORMATION (KOHA)
Withdrawn status [LOCAL, KOHA] 0
Holdings
Permanent Location Date acquired Koha item type Lost status Shelving location Barcode Current Location Full call number
Library Block A2017-10-19សៀវភៅភាសាអង់គ្លេស A068A20925Library Block A333 WOR 1999 A068 Or.
មជ្ឈមណ្ឌលឯការនៃសាកលវិទ្យាល័យភូមិន្ទកសិកម្មចំការដូង

Powered by Koha